[Event "Mecklenburg VP-chC"]
[Site "Greifswald"]
[Date "2024.03.25"]
[Round "6"]
[White "Langbein, Wolfgang"]
[Black "Decker, Nils1"]
[Result "0-1"]
[WhiteElo "1615"]
[BlackElo "1631"]
[PlyCount "62"]
[EventDate "2024.03.23"]
[EventType "swiss"]
[EventRounds "7"]
[EventCountry "GER"]
[SourceTitle "CB14_2024"]
[SourceDate "2024.04.01"]
[SourceVersion "1"]
[SourceVersionDate "2024.04.01"]
[SourceQuality "1"]

1. e4 e5 2. Nf3 Nf6 3. Nc3 Nc6 4. a3 d5 5. exd5 Nxd5 6. Ne4 Bf5 7. d3 Be7 8. Bd2 Qd7 9. b4 a6 10. h3 Rd8 11. c4 Nf6 12. b5 axb5 13. cxb5 Nd4 14. Nxe5 Qd5 15. Nxf6+ Bxf6 16. Nc4 0-0 17. Be3 Nxb5 18. Rb1 Nc3 19. Qb3 Nxb1 20. Qxb1 Bc3+ 21. Nd2 Rfe8 22. Qc2 Bxd2+ 23. Kxd2 Qa5+ 24. Qc3 Qxc3+ 25. Kxc3 Re6 26. d4 Ra8 27. g4 Rc6+ 28. Kd2 Be4 29. Rg1 Rxa3 30. Bg2 Rc2+ 31. Kd1 Ra1+ 0-1

[Event "Mecklenburg VP-chC"]
[Site "Greifswald"]
[Date "2024.03.24"]
[Round "4"]
[White "Seegebrecht, Johann"]
[Black "Langbein, Wolfgang"]
[Result "0-1"]
[WhiteElo "1104"]
[BlackElo "1615"]
[PlyCount "48"]
[EventDate "2024.03.23"]
[EventType "swiss"]
[EventRounds "7"]
[EventCountry "GER"]
[SourceTitle "CB14_2024"]
[SourceDate "2024.04.01"]
[SourceVersion "1"]
[SourceVersionDate "2024.04.01"]
[SourceQuality "1"]

1. e4 e6 2. d4 d5 3. e5 c5 4. Bb5+ Nc6 5. dxc5 Bxc5 6. Nf3 Qa5+ 7. Nc3 Nge7 8. Rb1 0-0 9. Qd3 Nb4 10. Qd2 Nxa2 11. Qe2 Nxc3 12. bxc3 Qxc3+ 13. Kf1 h6 14. Bd3 Bd7 15. Rxb7 Bc6 16. Rb1 Rfb8 17. Rxb8+ Rxb8 18. Nh4 Rb1 19. Qd1 Qxe5 20. c3 Qxc3 21. Bxb1 Bb5+ 22. Kg1 Qc4 23. Nf3 f6 24. Qc2 Qf1# 0-1

[Event "Mecklenburg VP-chC"]
[Site "Greifswald"]
[Date "2024.03.23"]
[Round "1"]
[White "Langbein, Wolfgang"]
[Black "Briese, Paul"]
[Result "0-1"]
[WhiteElo "1615"]
[BlackElo "1624"]
[PlyCount "58"]
[EventDate "2024.03.23"]
[EventType "swiss"]
[EventRounds "7"]
[EventCountry "GER"]
[SourceTitle "CB14_2024"]
[SourceDate "2024.04.01"]
[SourceVersion "1"]
[SourceVersionDate "2024.04.01"]
[SourceQuality "1"]

1. d4 Nf6 2. c4 g6 3. Nc3 Bg7 4. e4 d6 5. Nf3 Nbd7 6. Be3 0-0 7. Bd3 e5 8. Qd2 a6 9. 0-0 Qe8 10. Rfe1 c6 11. Rac1 Ng4 12. dxe5 Nxe3 13. Qxe3 Nxe5 14. Nxe5 dxe5 15. a4 Qe7 16. c5 Bf6 17. g3 Bh3 18. Ne2 g5 19. b4 g4 20. f4 gxf3 21. Qxf3 Bg5 22. Rcd1 Qe6 23. Kf2 f5 24. exf5 Bxf5 25. Nf4 Bxf4 26. gxf4 Bg4 27. Rg1 Rxf4 28. Rxg4+ Qxg4 29. Bc4+ Kh8 0-1

[Event "Neubrandenburg-chB"]
[Site "Neubrandenburg"]
[Date "2022.04.12"]
[Round "7"]
[White "Ederle, Artoem"]
[Black "Langbein, Wolfgang"]
[Result "1-0"]
[WhiteElo "1547"]
[BlackElo "1376"]
[PlyCount "97"]
[EventDate "2022.04.09"]
[EventType "swiss"]
[EventRounds "7"]
[EventCountry "GER"]
[SourceTitle "CBM 207 Extra"]
[Source "ChessBase"]
[SourceDate "2022.05.31"]
[SourceVersion "1"]
[SourceVersionDate "2022.05.31"]
[SourceQuality "1"]

1. e4 c5 2. Nf3 Nc6 3. d4 cxd4 4. Nxd4 e5 5. Nf5 d6 6. f4 g6 7. Ng3 Nf6 8. Nc3 Bg4 9. Be2 Bxe2 10. Qxe2 h5 11. fxe5 Nxe5 12. Bg5 Be7 13. 0-0-0 a6 14. Rhf1 0-0 15. Rf4 Nh7 16. Bxe7 Qxe7 17. Nd5 Qg5 18. Nf1 Rac8 19. Nfe3 Qd8 20. h4 Qa5 21. Nc3 Rxc3 22. bxc3 Qxc3 23. Nd5 Qa3+ 24. Kd2 Qxa2 25. Ke1 Kg7 26. c3 Qa5 27. Kf1 b5 28. Kg1 Ng4 29. Rdf1 Qd8 30. g3 g5 31. hxg5 Nxg5 32. Rxg4 hxg4 33. Qxg4 f6 34. Nxf6 Rxf6 35. Qxg5+ Kf7 36. Qd5+ Kg6 37. Ra1 Qb6+ 38. Kh1 Kh7 39. Ra2 Rf1+ 40. Kg2 Qg1+ 41. Kh3 Qb6 42. e5 Kg7 43. exd6 Rf6 44. Qg5+ Kf7 45. Qd5+ Kf8 46. d7 Rd6 47. Rf2+ Ke7 48. Rf7+ Kd8 49. Qa8+ 1-0

[Event "Neubrandenburg-chB"]
[Site "Neubrandenburg"]
[Date "2022.04.10"]
[Round "3"]
[White "Mueller, Rosemarie"]
[Black "Langbein, Wolfgang"]
[Result "0-1"]
[WhiteElo "1319"]
[BlackElo "1376"]
[PlyCount "100"]
[EventDate "2022.04.09"]
[EventType "swiss"]
[EventRounds "7"]
[EventCountry "GER"]
[SourceTitle "CBM 207 Extra"]
[Source "ChessBase"]
[SourceDate "2022.05.31"]
[SourceVersion "1"]
[SourceVersionDate "2022.05.31"]
[SourceQuality "1"]

1. e4 c5 2. Nf3 Nc6 3. d4 cxd4 4. Nxd4 e6 5. Be3 Nge7 6. Bd3 g6 7. c3 Bg7 8. Nf3 0-0 9. 0-0 e5 10. Nbd2 b6 11. b4 Bb7 12. Qb3 a6 13. a4 d6 14. Nc4 Nc8 15. Bg5 N6e7 16. Rad1 h6 17. Be3 Kh7 18. Ncd2 d5 19. Qb2 dxe4 20. Nxe4 f5 21. Bc2 Qc7 22. Neg5+ hxg5 23. Nxg5+ Kh8 24. Ne6 Qc6 25. f3 Qxe6 26. Bb3 Qc6 27. Qd2 Kh7 28. c4 f4 29. b5 axb5 30. cxb5 Qf6 31. Bf2 Nf5 32. Rc1 Rd8 33. Qb4 Nd4 34. Bd1 Qg5 35. Bxd4 Rxd4 36. Qb1 Nd6 37. Rf2 Nc4 38. Qb3 Ne3 39. Be2 Raxa4 40. Qe6 Qf6 41. Qxf6 Bxf6 42. Rc7+ Kh6 43. h3 Bd5 44. Rd7 Ra1+ 45. Kh2 Nf5 46. Rf1 Rxf1 47. Bxf1 Ng3 48. Rd6 Kg5 49. Rxb6 Rd1 50. h4+ Kxh4 0-1

[Event "Neubrandenburg-chB"]
[Site "Neubrandenburg"]
[Date "2022.04.09"]
[Round "2"]
[White "Langbein, Wolfgang"]
[Black "Wesener, Lorenz"]
[Result "0-1"]
[WhiteElo "1376"]
[BlackElo "1774"]
[PlyCount "96"]
[EventDate "2022.04.09"]
[EventType "swiss"]
[EventRounds "7"]
[EventCountry "GER"]
[SourceTitle "CBM 207 Extra"]
[Source "ChessBase"]
[SourceDate "2022.05.31"]
[SourceVersion "1"]
[SourceVersionDate "2022.05.31"]
[SourceQuality "1"]

1. d4 Nf6 2. c4 c6 3. Nc3 e6 4. Bg5 Be7 5. Bxf6 Bxf6 6. e4 d6 7. Nf3 0-0 8. e5 dxe5 9. dxe5 Qxd1+ 10. Rxd1 Be7 11. a3 Nd7 12. b4 a5 13. c5 axb4 14. axb4 b6 15. b5 Nxc5 16. bxc6 Rd8 17. Rxd8+ Bxd8 18. Bb5 Ra1+ 19. Nd1 Bc7 20. 0-0 Ba6 21. Nc3 Rxf1+ 22. Kxf1 Kf8 23. Bxa6 Nxa6 24. Nb5 Ke7 25. Nxc7 Nxc7 26. Nd4 Kd8 27. Ke2 Nd5 28. g3 Nb4 29. f4 Kc7 30. Nb5+ Kxc6 31. Nd6 f6 32. Ne8 fxe5 33. Nxg7 exf4 34. Nxe6 fxg3 35. hxg3 Nd5 36. Nd4+ Kc5 37. Nc2 b5 38. Kd3 Nb4+ 39. Kc3 Nxc2 40. Kxc2 Kc4 41. g4 h6 42. Kb2 Kd4 43. Kb3 Ke4 44. Kb4 Kf4 45. Kxb5 Kxg4 46. Kc4 h5 47. Kd3 Kg3 48. Ke2 Kg2 0-1

[Event "Mecklenburg VP-ch op"]
[Site "Greifswald"]
[Date "2021.06.26"]
[Round "5"]
[White "Khanbekyan, Nare"]
[Black "Langbein, Wolfgang"]
[Result "0-1"]
[WhiteElo "1242"]
[BlackElo "1309"]
[PlyCount "92"]
[EventDate "2021.06.24"]
[EventType "swiss"]
[EventRounds "7"]
[EventCountry "GER"]
[SourceTitle "EXT 2022"]
[Source "ChessBase"]
[SourceDate "2021.10.06"]
[SourceVersion "1"]
[SourceVersionDate "2021.10.06"]
[SourceQuality "1"]

1. e4 c5 2. Nf3 Nc6 3. d4 cxd4 4. Nxd4 e6 5. Nc3 a6 6. Be2 Be7 7. Be3 Nf6 8. Qd2 Nxd4 9. Bxd4 0-0 10. 0-0-0 Bb4 11. f4 Nxe4 12. Qd3 Nxc3 13. Bxc3 Bxc3 14. Qxc3 d5 15. g4 h6 16. h4 Qd6 17. Qe3 g6 18. h5 Kh7 19. g5 hxg5 20. hxg6+ Kxg6 21. fxg5 f5 22. Rh6+ Kg7 23. g6 f4 24. Rh7+ Kf6 25. Qd4+ e5 26. Qxd5 Qxd5 27. Rxd5 Be6 28. Rd6 b5 29. g7 Rg8 30. Bg4 Kg6 31. Rh8 Kxg7 32. Rh4 Bxg4 33. Rxg4+ Kf7 34. Rh4 Ke7 35. Rhh6 Rge8 36. Rxa6 Rxa6 37. Rxa6 Rb8 38. Kd2 e4 39. Ke2 Rh8 40. Ra7+ Kd6 41. Rf7 Rh2+ 42. Kd1 f3 43. b3 Kc5 44. Rf5+ Kd4 45. Rxb5 Ke3 46. a4 Rh1# 0-1

[Event "Mecklenburg VP-ch op"]
[Site "Greifswald"]
[Date "2021.06.25"]
[Round "3"]
[White "Langbein, Wolfgang"]
[Black "Wagner, Tino"]
[Result "0-1"]
[WhiteElo "1309"]
[BlackElo "1500"]
[PlyCount "55"]
[EventDate "2021.06.24"]
[EventType "swiss"]
[EventRounds "7"]
[EventCountry "GER"]
[SourceTitle "EXT 2022"]
[Source "ChessBase"]
[SourceDate "2021.10.06"]
[SourceVersion "1"]
[SourceVersionDate "2021.10.06"]
[SourceQuality "1"]

1. d4 Nf6 2. c4 g6 3. Nc3 Bg7 4. e4 d6 5. f3 0-0 6. Bd3 c5 7. d5 e6 8. Nge2 Re8 9. 0-0 exd5 10. cxd5 a6 11. Be3 b5 12. a3 Nbd7 13. b4 c4 14. Bc2 Bb7 15. Qd2 Ne5 16. h3 Ned7 17. Nd4 Nb6 18. Rad1 Bc8 19. Qf2 Bd7 20. Nc6 Bxc6 21. Bxb6 Qc8 22. dxc6 Qxc6 23. Bd4 Qd7 24. Bxf6 Bxf6 25. Nd5 Bd8 26. Nb6 Bxb6 27. Qxb6 Re6 28. Rd5 0-1

[Event "Mecklenburg VP-ch op"]
[Site "Greifswald"]
[Date "2021.06.24"]
[Round "1"]
[White "Langbein, Wolfgang"]
[Black "Marzisch, Jens"]
[Result "1/2-1/2"]
[WhiteElo "1309"]
[BlackElo "1579"]
[PlyCount "47"]
[EventDate "2021.06.24"]
[EventType "swiss"]
[EventRounds "7"]
[EventCountry "GER"]
[SourceTitle "EXT 2022"]
[Source "ChessBase"]
[SourceDate "2021.10.06"]
[SourceVersion "1"]
[SourceVersionDate "2021.10.06"]
[SourceQuality "1"]

1. e4 d6 2. d4 Nf6 3. Nc3 g6 4. Be3 Bg7 5. Bd3 0-0 6. f3 Nc6 7. Nge2 e5 8. d5 Ne7 9. Qd2 c5 10. dxc6 Nxc6 11. a3 a6 12. Bc4 b5 13. Ba2 Qe7 14. Bg5 Qc7 15. Bxf6 Bxf6 16. Nd5 Qd8 17. 0-0-0 Bg5 18. f4 exf4 19. Ndxf4 Bg4 20. g3 Bf3 21. Rhe1 Bxe4 22. Qxd6 Bf3 23. Kb1 Re8 24. Qc5 1/2-1/2

[Event "Mecklenburg VP-ch op"]
[Site "Greifswald"]
[Date "2019.04.14"]
[Round "3.6"]
[White "Langbein, Wolfgang"]
[Black "Raitza, Egon"]
[Result "1/2-1/2"]
[WhiteElo "1319"]
[BlackElo "1704"]
[PlyCount "96"]
[EventDate "2019.04.13"]
[EventType "swiss"]
[EventRounds "7"]
[EventCountry "GER"]
[SourceTitle "EXT 2023"]
[Source "ChessBase"]
[SourceDate "2022.10.05"]
[SourceVersion "1"]
[SourceVersionDate "2022.10.05"]
[SourceQuality "1"]

1. e4 e6 2. d4 d5 3. exd5 exd5 4. Nf3 Bd6 5. Nc3 c6 6. Bd3 Ne7 7. 0-0 0-0 8. a3 Bf5 9. Bxf5 Nxf5 10. Qd3 g6 11. Re1 Nd7 12. b4 Qc7 13. g3 Rfe8 14. Bd2 Nb6 15. Rxe8+ Rxe8 16. Bg5 Nc4 17. Nd1 Kg7 18. Kf1 f6 19. Bc1 Qd7 20. Nb2 Qe6 21. Nxc4 dxc4 22. Qd2 Qe4 23. Kg2 Qe2 24. c3 Qxd2 25. Bxd2 b5 26. a4 Re7 27. axb5 cxb5 28. g4 Nh6 29. g5 fxg5 30. Bxg5 Rb7 31. Ra6 Nf5 32. Nh4 Nxh4+ 33. Bxh4 Bf4 34. Bf6+ Kf7 35. d5 Rb6 36. Rxb6 axb6 37. Bd8 Be5 38. Bxb6 Bxc3 39. Bc5 Bd2 40. Kf3 Ke8 41. Ke2 Bf4 42. h4 Kd7 43. Kd1 g5 44. f3 h5 45. Kc2 Be5 46. Kd1 Bf4 47. Ke2 Ke8 48. Kd1 Kd7 1/2-1/2

[Event "Mecklenburg VP LL2 Ost 1718"]
[Site "Mecklenburg VP"]
[Date "2018.02.25"]
[Round "6.7"]
[White "Langbein, Wolfgang"]
[Black "Marzisch, Darius"]
[Result "0-1"]
[WhiteElo "1425"]
[BlackElo "1726"]
[PlyCount "64"]
[EventDate "2017.10.08"]
[EventType "team-tourn"]
[EventRounds "9"]
[EventCountry "GER"]
[SourceTitle "EXT 2022"]
[Source "ChessBase"]
[SourceDate "2021.10.06"]
[SourceVersion "1"]
[SourceVersionDate "2021.10.06"]
[SourceQuality "1"]
[WhiteTeam "Ribnitz Damgarten"]
[BlackTeam "Neubrandenburg SG Eintracht II"]
[WhiteTeamCountry "GER"]
[BlackTeamCountry "GER"]

1. e4 e6 2. Nf3 b6 3. d4 Bb7 4. Bd3 Nf6 5. Bg5 Be7 6. Bxf6 Bxf6 7. c3 d5 8. e5 Be7 9. Nbd2 c5 10. Bb5+ Bc6 11. Bxc6+ Nxc6 12. 0-0 0-0 13. Rc1 Rc8 14. a3 Qd7 15. dxc5 bxc5 16. Re1 Rb8 17. Rb1 Rb7 18. b3 Rfb8 19. Rb2 c4 20. b4 a5 21. Qa4 axb4 22. axb4 Nxe5 23. Qxd7 Nxd7 24. Ra2 Bf6 25. Rc1 Nb6 26. Rcc2 Ra8 27. Nb1 Rba7 28. Rxa7 Rxa7 29. b5 Ra5 30. Rb2 Ra1 31. Nd4 Bxd4 32. cxd4 c3 0-1